| 000 | 00400nam a22001457a 4500 | ||
|---|---|---|---|
| 082 |
_a920 _bRAD/T |
||
| 100 | _aRADHAKRISHNAN, C | ||
| 245 | _aTHEEKKADAL KADANHU THIRUMADHURAM | ||
| 246 |
_aTHEEKKADAL KADANHU THIRUMADHURAM _bTHEEKKADAL KADANHU THIRUMADHURAM |
||
| 260 |
_aKOCHI, INDIA _bHI-TECH _c2024 |
||
| 300 | _a490 | ||
| 520 | _aBIOGRAPHY OF ULLOOR | ||
| 650 | _aMALAYALAM BIOGRAPHY | ||
| 942 | _cBK | ||
| 999 |
_c8681 _d8681 |
||